000 00752nab a2200229 4500
003 BR-BrBNA
005 20250520231451.0
008 250520b bl.||||| |||| 00| 0 por d
040 _aBR-BrBNA
_bpor
072 _aF01 ; P06
_b0450 ; 2730
100 _aNetto, Ibiapaba
245 _aO etanol que vem da maconha
_bAgrotecnologia
500 _a2 illus.
650 _aCÂNHAMO
650 _aPLANTA PRODUTORA DE DROGA
650 _aFIBRA VEGETAL
650 _aETANOL
650 _aBIOCOMBUSTÍVEL
773 0 _01706
_9347869
_dSão Paulo-SP Editora Três Ltda - E-mail: luizfsa@revistadinheiro.com.br 2004
_o2025-0370
_tDinheiro Rural (Brazil)
_x1807-3700
_gv. 5(41) p. 36-37; (Mar 2008)
_wBR2025001159
942 _cANA
999 _c331626
_d331626